Contribución al conoclimiento de la geología económica de Entre Ríos. (Record no. 28566)

MARC details
000 -LEADER
fixed length control field 00956cam a22002531 4500
001 - CONTROL NUMBER
control field gs 51000192
003 - CONTROL NUMBER IDENTIFIER
control field DLC
005 - DATE AND TIME OF LATEST TRANSACTION
control field 20260227111357.0
008 - FIXED-LENGTH DATA ELEMENTS--GENERAL INFORMATION
fixed length control field 800701s1949 ag abf b 000 0 spa c
010 ## - LIBRARY OF CONGRESS CONTROL NUMBER
LC control number gs 51000192
035 ## - SYSTEM CONTROL NUMBER
System control number (OCoLC)6474113
040 ## - CATALOGING SOURCE
Original cataloging agency U.S. Geol. Survey Libr.
Transcribing agency MiEM
Modifying agency MiEM
-- DLC
042 ## - AUTHENTICATION CODE
Authentication code premarc
050 00 - LIBRARY OF CONGRESS CALL NUMBER
Classification number QE231
Item number .C6
100 1# - MAIN ENTRY--PERSONAL NAME
Personal name Cordini, Isaías Rafael,
Dates associated with a name 1902-
245 10 - TITLE STATEMENT
Title Contribución al conoclimiento de la geología económica de Entre Ríos.
260 ## - PUBLICATION, DISTRIBUTION, ETC.
Place of publication, distribution, etc. Buenos Aires,
Date of publication, distribution, etc. 1949.
300 ## - PHYSICAL DESCRIPTION
Extent 78 p.
Other physical details illus., plates, maps, diagrs. (2 fold.) profiles.
Dimensions 31 cm.
490 1# - SERIES STATEMENT
Series statement (Argentine Republic. Dirección General de Industria Minera. Anales, 2)
504 ## - BIBLIOGRAPHY, ETC. NOTE
Bibliography, etc. note "Bibliografia comentada" : p. [7]-12.
650 #0 - SUBJECT ADDED ENTRY--TOPICAL TERM
Topical term or geographic name entry element Geology
Geographic subdivision Argentina
-- Entre Rios (Province).
650 #0 - SUBJECT ADDED ENTRY--TOPICAL TERM
Topical term or geographic name entry element Geology, Economic
Geographic subdivision Argentina
-- Entre Rios (Province).
810 1# - SERIES ADDED ENTRY--CORPORATE NAME
Corporate name or jurisdiction name as entry element Argentina.
Subordinate unit Dirección General de Minas y Geología.
Title of a work Anales ;
Volume/sequential designation 2.

No items available.

Powered by Koha